Writing empirical research reports : (Record no. 13810)

000 -LEADER
fixed length control field 00553cam a2200193Ia 4500
020 ## - INTERNATIONAL STANDARD BOOK NUMBER
ISBN 188458537X
040 ## - CATALOGING SOURCE
Transcribing agency ANC
082 ## - DEWEY DECIMAL CLASSIFICATION NUMBER
Classification number 808 PYR 2003 A094 Or.
100 1# - MAIN ENTRY--AUTHOR NAME
Personal name Pyrczak, Fred.
245 10 - TITLE STATEMENT
Title Writing empirical research reports :
Remainder of title a basic guide for students of the social and behavioral sciences /
250 ## - EDITION STATEMENT
Edition statement 4th ed.
260 ## - PUBLICATION, DISTRIBUTION, ETC. (IMPRINT)
Place of publication Los Angeles, CA :
Name of publisher Pyrczak Pub.,
Year of publication c2003.
300 ## - PHYSICAL DESCRIPTION
Number of Pages vi, 138 p. ;
Dimensions 29 cm.
650 #0 - SUBJECT ADDED ENTRY--TOPICAL TERM
Topical Term Report writing
650 #0 - SUBJECT ADDED ENTRY--TOPICAL TERM
Topical Term Social sciences
650 #0 - SUBJECT ADDED ENTRY--TOPICAL TERM
Topical Term Psychology
700 1# - ADDED ENTRY--PERSONAL NAME
Personal name Bruce, Randall R.
942 ## - ADDED ENTRY ELEMENTS (KOHA)
Koha item type សៀវភៅភាសាអង់គ្លេស
952 ## - LOCATION AND ITEM INFORMATION (KOHA)
Withdrawn status [LOCAL, KOHA] 0
Holdings
Permanent Location Date acquired Koha item type Lost status Shelving location Barcode Current Location Full call number
Library Block A2017-08-31សៀវភៅភាសាអង់គ្លេស A094A21731Library Block A808 PYR 2003 A094 Or.
មជ្ឈមណ្ឌលឯការនៃសាកលវិទ្យាល័យភូមិន្ទកសិកម្មចំការដូង

Powered by Koha